000 00235nam a2200109Ia 4500
008 190216s9999||||xx |||||||||||||| ||und||
100 _aKurt Palke
245 0 _aRose Gardens
260 _bPaper Books
650 _aEnglish
942 _cBK
999 _c13325
_d13325